| 000 | 01037nam a22003137a 4500 | ||
|---|---|---|---|
| 001 | BR9702010 | ||
| 003 | BR-BrBNA | ||
| 005 | 20230928095425.0 | ||
| 007 | ta | ||
| 008 | 230509b bl.||||| |||| 00| 0 por d | ||
| 040 |
_aBR-BrBNA _bpor _cBiblioteca Nacional de Agricultura |
||
| 041 | _a(Por) | ||
| 072 |
_aL51; U10 _b5212 _b8952 |
||
| 090 | _ 5212 BR9702010 | ||
| 100 | 1 | _aCampos, F.P. de | |
| 110 | 1 |
_aEscola Superior de Agricultura Luiz de Queiroz, Piracicaba, SP (Brasil) _0Tese (Mestre em Agronomia) |
|
| 245 | 1 | _aAvaliacao do sistema de monitoramento computadorizado de digestao "in vitro" e producao de gas comparada com os metodos "in vitro" e "in situ" | |
| 260 | 3 |
_aPiracicaba, SP (Brasil): _c1996. |
|
| 300 | _a61 p. | ||
| 500 | _a22 tables; 10 illus.; Bibliography p. 46-54; Summaries (Eng, Por) | ||
| 650 | _aBovino | ||
| 650 | _aDigestao | ||
| 650 | _aDigestibilidade | ||
| 650 | _aPrograma de Computador | ||
| 650 | _aSilagem | ||
| 650 | _aMilho | ||
| 909 |
_a202309 _bLucia _c55 _dLucia Elande |
||
| 942 | _cBK | ||
| 999 |
_c56479 _d56479 |
||